Survey report on information disclosure of land management regulations
This report is prepared to document the actual disclosure of land information as required by the laws and regulations
محفوظ في:
| التنسيق: | كتاب |
|---|---|
| اللغة: | Undetermined |
| منشور في: |
Viet Nam development information center
Ha Noi
2010
|
| الموضوعات: | |
| الوسوم: |
إضافة وسم
لا توجد وسوم, كن أول من يضع وسما على هذه التسجيلة!
|
| Thư viện lưu trữ: | Trung tâm Học liệu Trường Đại học Cần Thơ |
|---|
| LEADER | 00842nam a2200193Ia 4500 | ||
|---|---|---|---|
| 001 | CTU_166443 | ||
| 008 | 210402s9999 xx 000 0 und d | ||
| 082 | |a 333.08 | ||
| 082 | |b B108 | ||
| 245 | 0 | |a Survey report on information disclosure of land management regulations | |
| 245 | 0 | |c Development and Policies Research Center (DEPOCEN) | |
| 260 | |a Viet Nam development information center | ||
| 260 | |b Ha Noi | ||
| 260 | |c 2010 | ||
| 520 | |a This report is prepared to document the actual disclosure of land information as required by the laws and regulations | ||
| 650 | |a Land use serveys,Real estate development,Khảo sát sử dụng đất,Phát triển bất động sản | ||
| 650 | |z Vietnam,Vietnam,Việt Nam,Việt Nam | ||
| 904 | |i Trọng Hiếu | ||
| 980 | |a Trung tâm Học liệu Trường Đại học Cần Thơ | ||